| 000 | 01988cam a22002054a 4500 | ||
|---|---|---|---|
| 005 | 20250605164126.0 | ||
| 008 | 250528s ||||||||||||||||||||||||d | ||
| 035 | _a18452 | ||
| 020 | _a960010686 | ||
| 040 |
_aGR-AtMCL _bgre _dGR-AtMCL _eAACR2 |
||
| 245 | 1 |
_aΟικονομική του Περιβάλλοντος και των Φυσικών Πόρων. _nΤόμος Α' |
|
| 260 |
_bGutenberg, _c1998 |
||
| 300 | _a446 | ||
| 520 | _aΠρόλογος, Όψεις του Μέλλοντος, Τα Οικονομικά του Περιβάλλοντος: Μια Επισκόπηση, Δικαιώματα Ιδιοκτησίας και Εξωτερικές Οικονομίες και Επιβαρύνσεις και Περιβαλλοντικά Προβλήματα, Ρύθμιση της Αγοράς: Πληροφορία και Αβεβαιότητα, Το Πληθυσμιακό Πρόβλημα, Η Κατανομή των Εξαντλήσιμων και Ανανεώσιμων Πόρων: Μια Επισκόπηση, Εξαντλήσιμοι και μη Ανακυκλώσιμοι Ενεργειακοί Πόροι: Πετρέλαιο και Φυσικό Αέριο και Άνθρακας και Ουράνιο, Ανακυκλώσιμοι Φυσικοί Πόροι: Ορυκτά κ.τ.λ., Αναπληρώσιμοι αλλά Εξαντλήσιμοι Φυσικοί Πόροι: Το Νερό, Αναπαραγωγίσιμοι Φυσικοί Πόροι που Ανήκουν σε Ιδιώτες: Αγροτική Παραγωγή, Αποθεματοποίηση και Ανεώσιμοι Φυσικοί Πόροι: Τα Δάση, Ανανεώσιμοι και Κοινόκτητοι Φυσικοί Πόροι: Αλιευτικός και Άλλος Ζωϊκός Πλούτος, Περίληψη, Βιβλιογραφία. | ||
| 700 | 1 |
_aTietenberg Tom _94714 |
|
| 700 | 1 |
_aΠαπανδρέου Ανδρέας Α _94715 |
|
| 942 | _cBK | ||
| 999 |
_c3813 _d3813 |
||